000 00557cam a2200133 4500500
005 20260111091205.0
041 _afre
042 _adc
245 0 0 _aBabut Ét., Mais alors, que fait Dieu ? Une parole adressée, coll. Lire la Bible 128, Paris, Cerf, 2002, 22x14, 324 p., 22.00 €. ISBN 2-204-07022-X
260 _c2005.
500 _a9
786 0 _nNouvelle revue théologique | 127 | 1 | 2005-01-03 | p. 156p-169p | 0029-4845
856 4 1 _uhttps://shs.cairn.info/revue-nouvelle-revue-theologique-2005-1-page-156p?lang=fr&redirect-ssocas=7080
999 _c1620532
_d1620532